Datum a čas kvízu
33
Celkem bodů
Celkový počet nahraných bodů na tomto kvízu bez doplňovacích otázek.
8.
Pořadí na kvízu
Konečné umístění týmu na tomto kvízu.
Zaznamenané odpovědi
| # | Otázka | Odpověď | Body | Výsledky |
|---|---|---|---|---|
| 1. | Které všeobecně známé tradiční... | pochodu Praha - Prčice | 0 | |
| 2. | Slovensko má první úřednickou... | Ľudovít Ódor | 0 | |
| 3. | Minulý týden jsme se dozvěděli... | na Staroměstském orloji | 1 | |
| 4. | Staropramen minulý týden předs... | Orlando Bloom | 1 | |
| 5. | Který zápasník o víkendu poraz... | Patrik Kincl | 1 | |
| 6. | Ve třetím díle našeho cyklu si... | T - 1000 | 1 | |
| 7. | Kriminální drama s prvky černé... | Mia (Wallace), (Uma) Thurman | 1 | |
| 8. | Děj filmu Kmotr 2 na třinácté... | Robert de Niro | 1 | |
| 9. | Dalším v pořadí je první díl J... | Liv Tyler, Aerosmith | 1 | |
| 10. | Patnáctku nejlepších filmů uza... | Nový Zéland | 1 |